Crap, fábrica de municiones / (Record no. 105220)

MARC details
000 -LEADER
campo de control de longitud fija 00710nam a22002411 4500
001 - NÚMERO DE CONTROL
campo de control 105220
003 - IDENTIFICADOR DE NÚMERO DE CONTROL
campo de control ES-MaACL
005 - FECHA Y HORA DE LA ÚLTIMA TRANSACCIÓN
campo de control 20230906183821.0
007 - CAMPO FIJO DE DESCRIPCIÓN FÍSICA--INFORMACIÓN GENERAL
campo de control de longitud fija t|
008 - DATOS DE LONGITUD FIJA--INFORMACIÓN GENERAL
campo de control de longitud fija 060619s1973 sp ||||0| spa d
016 7# - NÚMERO DE CONTROL DE UNA AGENCIA BIBLIOGRÁFICA NACIONAL
Número de control cancelado/no válido IND9200523814
020 ## - NÚMERO INTERNACIONAL ESTÁNDAR DEL LIBRO
Número Internacional Estándar del Libro 84-317-0190-0
040 ## - FUENTE DE CATALOGACIÓN
Centro catalogador/agencia de origen M-BN
Lengua de catalogación spa
Centro/agencia transcriptor A2
080 ## - NÚMERO DE LA CLASIFICACIÓN DECIMAL UNIVERSAL
Número de la Clasificación Decimal Universal 860-241"19"
100 1# - ENTRADA PRINCIPAL--NOMBRE DE PERSONA
Nombre de persona López Mozo, Jerónimo.
9 (RLIN) 73809
245 10 - MENCIÓN DEL TÍTULO
Título Crap, fábrica de municiones /
Mención de responsabilidad, etc. Jerónino López Mozo.
260 ## - PUBLICACIÓN, DISTRIBUCIÓN, ETC.
Lugar de publicación, distribución, etc. [Bilbao] :
Nombre del editor, distribuidor, etc. Zero,
Fecha de publicación, distribución, etc. [1973]
300 ## - DESCRIPCIÓN FÍSICA
Extensión 82 p., 1 h ;
Dimensiones 17 cm.
490 1# - MENCIÓN DE SERIE
Mención de serie Se hace camino al andar. Serie S ;
Designación de volumen o secuencia 30
830 0# - PUNTO DE ACCESO ADICIONAL DE SERIE-TÍTULO UNIFORME
Título uniforme Se hace camino al andar. Serie S ;
Designación de volumen o secuencia 30
9 (RLIN) 184971
852 ## - LOCALIZACIÓN
Ubicación ES-MaACL
Número de control de estantería C-54179
Sublocalización o colección R.86998
Holdings
Estatus retirado Estado de pérdida Estado de daño No para préstamo Biblioteca de origen Biblioteca actual Ubicación en estantería Fecha de adquisición Fuente de adquisición Total de préstamos Signatura topográfica completa Código de barras Visto por última vez Precio de reemplazo Tipo de ítem Koha
        Biblioteca del Ateneo de Madrid Biblioteca del Ateneo de Madrid Depósito 2 17/01/2008     C-54179 1109850 23/02/2023 23/02/2023 Libro impreso